Statystyki dla Quiz o stanie Wirginia Zachodnia

Kliknij tutaj aby rozwiązać quiz!

Ogólne statystyki

  • Ten quiz został rozwiązany 7 razy
  • Średni wynik to 6 z 20

Statystyki odpowiedzi

WskazówkaOdpowiedź% Poprawnych
Stany graniczące z Wirginią ZachodniąOhio
86%
Stany graniczące z Wirginią ZachodniąPennsylwania
86%
Stany graniczące z Wirginią ZachodniąWirginia
86%
Stany graniczące z Wirginią ZachodniąKentucky
71%
Stany graniczące z Wirginią ZachodniąMaryland
71%
Wirginia Zachodnia stała się państwem podczas tej wojnyWojna {secesyjna}
57%
StolicaCharleston
43%
Wirginia Zachodnia słynie z tego wydobycia,
ale dziś wydobywa mniej niż jedną trzecią tego, co Wyoming
Węgiel
29%
18 stanów ma terytorium w tym paśmie górskim,
ale Zachodnia Wirginia jest jedynym stanem,
który leży w całości w jego obrębie
Appalachy
14%
Najbardziej zaludnione miastoHuntington
14%
19,9% populacji Wirginii Zachodniej jest w wieku powyżej 65 lat.
Nazwij jeden z dwóch stanów, w których odsetek ten jest wyższy.
Maine | Floryda
14%
Wirginia Zachodnia jest jedynym stanem, który ma dwa tego typu „uchwyty”Rączka
14%
Pseudonim stanuStan {górski}
14%
Pochodzący z Wirginii Zachodniej, który przekroczył barierę
dźwięku w 1947 roku i którego akcent jest źródłem
"akcentu”, który wielu pilotów próbuje dziś naśladować
Chuck Yeager
0%
Znana osoba, która pierwotnie badała części Wirginii Zachodniej w latach 1748–1751George Washington
0%
Radykalny abolicjonista, który napadł na Harpers Ferry w 1859 rokuJohn Brown
0%
Piosenkarka, która napisała "Take Me Home, Country Roads”John Denver
0%
Zachodnia Wirginia jest epicentrum tej
"epidemii”, która ogarnęła Stany Zjednoczone w ostatnich latach (stan na 2019)
Opioid Epidemia
0%
Harpers Ferry znajduje się u zbiegu tych dwóch rzek (wystarczy podać jedno)Potomak / Shenandoah
0%
Święto majowe wymyślone w 1908 roku przez
Annę Jarvis z Grafton w Wirginii Zachodniej
Święto {Matki}
0%

Rozkład punktacji

Percentyl według liczby udzielonych odpowiedzi

Procent ludzi z każdym wynikiem

Twoja historia wyników

Nie rozwiązałeś tego quizu